Cross talk between cytokinin and jasmonates in regulating the secondary laticifer differentiation in rubber tree (Hevea brasiliensis Muell. Arg.) (Record no. 56560)

MARC details
000 -LEADER
fixed length control field 02142nam a2200217Ia 4500
100 ## - MAIN ENTRY--AUTHOR NAME
Personal name Zhang S X
245 #0 - TITLE STATEMENT
Title Cross talk between cytokinin and jasmonates in regulating the secondary laticifer differentiation in rubber tree (Hevea brasiliensis Muell. Arg.)
260 ## - PUBLICATION, DISTRIBUTION, ETC. (IMPRINT)
Name of publisher Journal of Rubber Research
Year of publication 2015
300 ## - PHYSICAL DESCRIPTION
Number of Pages 38-48
500 ## - GENERAL NOTE
General note Source Year: 2015
520 ## - SUMMARY, ETC.
Summary, etc Number of secondary laticifers differentiating from vascular cambium have significant positive correlation with the rubber yield of Hevea. Secondary laticifer does not appear in the stem of the first and second extension unit (EU) of Hevea brasiliensis shoots under natural conditions. It can be induced by mechanical wounding or jasmonic acid (JA) treatment in these parts. Season obviously influences the socondary laticifer differentiation induced by mechanical wounding or JA. In the present paper, the relationship between cytokinin content, vascular cambium activity and effect of mechanical wounding or exogenous JA on the secondary laticifer differentiation in the stem of H brasiliensis shoots were revealed. The results of the experiment showed that vascular cambium were active from March to October and dormant from November to the following February in the stem of epicormic shoots of H brasiliensis. Accordingly, the content of isopentenyl adenosine (IPA) in bark tissues was much higher in July than that in January. Either JA or mechanical wounding could induce the secondary laticifer differentiation in July, but neither of them was effective in January. Combination of JA with 6-benzyl aminopurine (6-BA) was quite effective on the secondary laticifer differentiation in January while less effective in July. It is suggested that appropriate ratio of JA to cytokinin is pivotal in regulating the secondary laticifer differentiation in H brasiliensis.
650 ## - SUBJECT ADDED ENTRY--TOPICAL TERM
Topical Term
650 ## - SUBJECT ADDED ENTRY--TOPICAL TERM
Topical Term Jasmonic acid
650 ## - SUBJECT ADDED ENTRY--TOPICAL TERM
Topical Term Mechanical wounding
650 ## - SUBJECT ADDED ENTRY--TOPICAL TERM
Topical Term Season
650 ## - SUBJECT ADDED ENTRY--TOPICAL TERM
Topical Term Secondary laticifer differentiation
650 ## - SUBJECT ADDED ENTRY--TOPICAL TERM
Topical Term Vascular cambium
700 ## - ADDED ENTRY--PERSONAL NAME
Personal name Tian W M
942 ## - ADDED ENTRY ELEMENTS (KOHA)
Koha item type Journals
650 ## - SUBJECT ADDED ENTRY--TOPICAL TERM
-- benzyl aminopurine
Holdings
Withdrawn status Lost status Damaged status Not for loan Home library Current library Shelving location Date acquired Serial Enumeration / chronology Koha item type
      Journals RRII Library RRII Library Physiology 22/06/2015 Volume 18, Issue 1 Journals